Highest paying sports - Statistics

General Stats
  • This quiz has been taken 62 times
  • The average score is 7 of 10
Answer Stats
Hint Answer % Correct
5 Soccer
100%
1 Basketball
96%
3 American football
95%
8 Baseball
84%
4 Golf
79%
7 Ice hockey
77%
6 Tennis
68%
2 Boxing
61%
9 Auto racing
16%
10 Cycling
16%
No matching quizzes found
Score Distribution
Percent of People with Each Score
Percentile by Number Answered
Your Score History
You have not taken this quiz